000 00490nam a2200205Ia 4500
008 210210b2014 xxu||||| |||| 00| 0 eng d
020 _a9789384052980
041 _aeng
082 _a153.733 GOLF
100 _aGOLEMAN (Daniel)
245 _aFocus: the hidden driver of excellence
260 _aNew Delhi
_bBloomsbury
_c2014
300 _avii,311
650 _ahidden
650 _aFocus:
650 _aexcellence
650 _adriver
690 _aPsychology
906 _a074493
999 _c126087
_d126087